000 00917pam a2200325 i 4500
999 _c3007
_d3007
001 016156098
003 Uk
005 20230914152836.0
008 120917s2012 enka 000 d eng
010 _a 2012518939
015 _aGBB284613
_2bnb
016 7 _a016156098
_2Uk
020 _a9780571299416 (pbk.)
020 _a0571299415 (pbk.)
040 _aStDuBDS
_beng
_cStDuBDS
_dUk
_dKH8
_erda
042 _aukblcatcopy
082 0 4 _a812.6 MCC
_223
100 1 _aMcCraney, Tarell Alvin,
_eauthor.
245 1 0 _aChoir boy /
_cTarell Alvin McCraney.
264 1 _aLondon :
_bFaber and Faber,
_c2012.
300 _a120 pages :
_billustrations ;
_c20 cm.
336 _atext
_2rdacontent
337 _aunmediated
_2rdamedia
338 _avolume
_2rdacarrier
490 0 _aff plays
530 _aAlso issued online.
650 0 _aChoirboys
_vDrama.
650 0 _aAfrican American boys
_vDrama.
942 _2ddc
_cTR